banner-ar

موقف جلال الدين السيوطي من المدارس النحوية و القضايا اللغوية / (Record no. 61483)

MARC details
000 -الفاتح
حقل البيانات ثابتة الطول 00930nam a22002297a 4500
005 - وقت وتاريخ اخر تعامل مع التسجيلة
رقم الضبط 20240530110501.0
008 - عناصر البيانات ثابتة الطول - معلومات عامة
حقل البيانات ثابتة الطول 150711s2012 jo g b 000 0 ara d
017 ## - رقم الايداع القانونى
رقم الايداع القانونى 2012/3/1191
المصدر ( الهيئة المختصة) الاردن . دائرة المكتبات الوطنية
040 ## - مصدر الفهرسة
وكالة الفهرسة الأصلية EG-CaGPL
082 04 - رقم تصنيف ديوى العشرى
رقم الطبعة 21
رقم التصنيف 415.2\
رقم المادة ر م
100 0# - المدخل الرئيسى - إسم شخصى
الإسم الشخصى راضى محمد عيد نواصره
245 10 - بيان العنوان
العنوان موقف جلال الدين السيوطي من المدارس النحوية و القضايا اللغوية /
بيان المسئوليه,etc راضى محمد عيد نواصره
250 ## - بيان الطبعة
بيان الطبعة ط1
260 ## - PUBLICATION, DISTRIBUTION, ETC. (IMPRINT)
تاريخ النشر أو التوزيع 2012 .
300 ## - الوصف المادى
التعداد 380 ص ؛
أبعاد الوعاء 24 سم
504 ## - تبصرة ببليوجرافية
تبصرة ببليوجرافية,الخ ببليوجرافية : ص 361 - 379
600 04 - المدخل الاضافى بالموضوع-اسم شخصى
الإسم الشخصى جلال الدين السيوطى
650 04 - المدخل الاضافى بالموضوع-مصطلح موضوعى
مصطلح موضوعي النحويون العرب
650 04 - المدخل الاضافى بالموضوع-مصطلح موضوعى
مصطلح موضوعي اللغه العربية
التقسيم الفرعي العام النحو
942 ## - عناصر المدخل الإضافي( كوها)
مصدر التصنيف او مخطط الترفيف Dewey Decimal Classification
Koha [default] item type كتاب
260 ## - PUBLICATION, DISTRIBUTION, ETC. (IMPRINT)
-- عمان :
-- دار الراية للنشر و التوزيع ،
Holdings
حالة التراجع حالة الفقد حالة تلف ليس للاعارة المكان المؤقت الموقع الحالى تاريخ الاكتساب اجمالي اﻻعارات رقم الطلب الباركود تاريخ اخر مشاهدة تاريخ تفعيل السعر نوع وعاء كوها
        مكتبة القاهرة الكبرى مكتبة القاهرة الكبرى 07/11/2015   415.2\ ر م 160788 07/11/2015 07/11/2015 كتاب

Powered By

EGPV